Who Sponsers Who? - Statistics

General Stats
  • This quiz has been taken 4 times
  • The average score is 15 of 37
Answer Stats
Bowl Game Sponser % Correct
Sugar Bowl Allstate
100%
Peach Bowl Chick-Fil-A
100%
Gator Bowl Taxslayer
100%
Fiesta Bowl Vrbo
100%
P--T---- Bowl Pop-Tarts
75%
R--- Bowl Rate
75%
Sun Bowl Tony the Tiger
75%
Alamo Bowl Valero
75%
68 V------- Bowl 68 Ventures
50%
Liberty Bowl Autozone
50%
Pinstripe Bowl Bad Boy Mowers
50%
LA Bowl Bucked Up
50%
Citrus Bowl Cheez-it
50%
D--- M--- Bowl Dukes Mayo
50%
Cotton Bowl Classic GoodYear
50%
Birmingham Bowl JLab
50%
Rose Bowl Prudential
50%
R----Q---- Bowl ReliaQuest
50%
Frisco Bowl Scooters Coffee
50%
Hawaii Bowl Sheraton
50%
Boca Raton Bush's Beans
25%
Military Bowl Go Bowling!
25%
Texas Bowl Kinder's
25%
Music City Bowl Liberty Mutual
25%
Armed Forces Bowl Lockheed Martin
25%
Arizona Bowl Snoop Dogg Gin & Juice
25%
Fenway Bowl Wasabi
25%
Orange Bowl Capitol One
0%
Myrtle Beach Bowl Engine
0%
G---A---- Bowl GameAbove Sports
0%
Salute To Veterans Bowl IS4S
0%
New Mexico Bowl Isleta
0%
Independence Bowl Radiance Technologies
0%
First Responder Bowl Servpro
0%
Cure Bowl StaffDNA
0%
Holiday Bowl Trust & Will
0%
Gasparillia Bowl Union Home Mortgage
0%
No matching quizzes found
Score Distribution
Percent of People with Each Score
Percentile by Number Answered
Your Score History
You have not taken this quiz